000
00355nam a2200133Ia 4500
008
151001s9999||||xx |||||||||||||| ||und||
100
_a
निर्मला चौहान
245
_a
समाज का कायाकल्प
250
_a
1
260
_b
किरण प्रकाशन
260
_c
2012
300
_a
96
365
_b
21
999
_c
999432
_d
999429